الأحكام القانونية للتطبيقات العملية في المسئولية المدنية. (Record no. 22347)
[ view plain ]
| 000 -الفاتح | |
|---|---|
| حقل البيانات ثابتة الطول | 01795nam a22002895a 4500 |
| 003 - محدد رقم الضبط | |
| رقم الضبط | OSt |
| 005 - وقت وتاريخ اخر تعامل مع التسجيلة | |
| رقم الضبط | 20160908123310.0 |
| 008 - عناصر البيانات ثابتة الطول - معلومات عامة | |
| حقل البيانات ثابتة الطول | 160908s2013 ua frb 000 0 ara d |
| 015 ## - | |
| -- | 2007/22365 |
| 020 ## - الرقم الدولى المعيارى للكتب | |
| الرقم الدولى المعيارى للكتاب | 9771740369 |
| 040 ## - مصدر الفهرسة | |
| وكالة الفهرسة الأصلية | EG-ScBUE |
| لغة الفهرسة | ara |
| وكالة النسخ | EG-ScBUE |
| 043 ## - رمز المنطقة الجغرافية | |
| رمز المنطقة الجغرافية | f-ua--- |
| -- | e-fr--- |
| 082 04 - رقم تصنيف ديوى العشرى | |
| رقم التصنيف | 346.03 |
| رقم المادة | ع ب د |
| رقم الطبعة | 22 |
| 100 1# - المدخل الرئيسى - إسم شخصى | |
| الإسم الشخصى | عبد الرحمن، أحمد شوقي محمد. |
| 9 (RLIN) | 40827 |
| 245 14 - بيان العنوان | |
| العنوان | الأحكام القانونية للتطبيقات العملية في المسئولية المدنية. |
| رقم الجزء/قسم العمل | المجلد الأول، |
| اسم جزء/قسم العمل | المسئولية المدنية الشخصية في الفقه والقضاء المصري والفرنسي / |
| بيان المسئوليه,etc | أحمد شوقي محمد عبد الرحمن. |
| 250 ## - بيان الطبعة | |
| بيان الطبعة | ط. 2. |
| 260 ## - PUBLICATION, DISTRIBUTION, ETC. (IMPRINT) | |
| مكان الناشر او الموزع | [د. م. : |
| اسم الناشر او الموزع | د. ن.]، |
| تاريخ النشر أو التوزيع | 2013 |
| مكان الصناعة | (القاهرة : |
| المنتج | مطبعة عباد الرحمن) |
| 300 ## - الوصف المادى | |
| التعداد | مج. 1 (564 ص.) ؛ |
| أبعاد الوعاء | 24 سم. |
| 504 ## - تبصرة ببليوجرافية | |
| تبصرة ببليوجرافية,الخ | يشتمل علي إرجاعات ببليوجرافية. |
| 505 0# - تبصرة محتويات-الفهرس | |
| تبصرة المحتويات المصاغة | أركان المسئولية المدنية : الخطأ-الضرر-علاقة السببية بينهما -- تأثر المسئولية العقدية بالظروف السابقة واللاحقة على العقد -- المسئولية العقدية للمدين المحترف -- تضامن الشركاء في المسئولية التقصيرية -- مدى التعويض عن تغير الضرر في جسم المضرور وماله في المسئوليتين العقدية والتقصيرية. |
| 650 #7 - المدخل الاضافى بالموضوع-مصطلح موضوعى | |
| مصطلح موضوعي أو اسم جغرافي كعنصر مدخل | المسئولية المدنية |
| التقسيم الفرعي الجغرافي | مصر. |
| مصدر الرأس أو المصطلح | BUEsh |
| 9 (RLIN) | 41063 |
| 650 #7 - المدخل الاضافى بالموضوع-مصطلح موضوعى | |
| مصطلح موضوعي أو اسم جغرافي كعنصر مدخل | المسئولية المدنية (فقه إسلامي) |
| التقسيم الفرعي الجغرافي | مصر. |
| مصدر الرأس أو المصطلح | BUEsh |
| 9 (RLIN) | 41064 |
| 650 #7 - المدخل الاضافى بالموضوع-مصطلح موضوعى | |
| مصطلح موضوعي أو اسم جغرافي كعنصر مدخل | المسئولية المدنية |
| التقسيم الفرعي الجغرافي | فرنسا. |
| مصدر الرأس أو المصطلح | BUEsh |
| 9 (RLIN) | 41093 |
| 651 ## - المدخل الاضافى بالموضوع - اسم جغرافى | |
| مصدر الرأس أو المصطلح | BUEsh |
| 653 ## - مصطلح تكشيفى غير مقيد | |
| Resource For college | Law |
| Arrived date list | September2016 |
| 942 ## - عناصر المدخل الإضافي( كوها) | |
| مصدر التصنيف او مخطط الترفيف | Dewey Decimal Classification |
| حالة التراجع | حالة الفقد | مصدر التصنيف او خطة الترفيف | حالة تلف | ليس للاعارة | مجموعات كوها | المكان الدائم | المكان الحالي | موقع الترفيف | تاريخ الاكتساب | Source of acquisition | سعر الشراء الطبيعي | تعداد مسلسل / التسلسل الزمني | رقم الاستدعاء | الباركود | Date last seen | مُعار | التكلفة | نوع الوعاء |
|---|---|---|---|---|---|---|---|---|---|---|---|---|---|---|---|---|---|---|
| Dewey Decimal Classification | دار الفكر العربي | Central Library | Central Library | First floor | 08/09/2016 | Purchase | 112.00 | 15885 | 346.03 ع ب د | 000033586 | 15/07/2025 | 26/11/2023 | 140.00 | Book - Borrowing | ||||
| Dewey Decimal Classification | دار الفكر العربي | Central Library | Central Library | First floor | 08/09/2016 | Purchase | 112.00 | 15885 | 346.03 ع ب د | 000033585 | 18/11/2025 | 16/11/2025 | 140.00 | Book - Borrowing |